00506nam a2200181 a 45000010010000000030011000100080041000210350026000620820014000881000019001022450017001212600035001386500015001739420012001889520089002009980020002899990015003090000-9171ELIB.Books110520 1935  a(ELIB.Books)0000-9323 a813 bGla aGlasgow, Ellen aVein of Iron bNew York: Penguin Books c1935 aLiterature 2ddccBK 00102ddc4070aKBTSbKBTSd2011-05-20l0p344r2022-01-22 00:00:00w2022-01-22yBK cbate2011-05-20 c9171d9171